Представление документа в формате MARC21

Поле Инд. ПП Название Значение
Тип записи a
Библиографический уровень b
001 Контрольный номер RU/IS/BASE/202319373
005 Дата корректировки 20220715140346.4
008 Кодируемые данные 20060530
084 a Индекс другой классификации/Индекс ББК 60.027.7; 60.524.2
100 1_ a Автор Дыльнова Т. В.
q Полное имя Дыльнова Татьяна Владимировна
245 a Заглавие К вопросу о функциях социальной справедливости
504 a Библиография Библиогр. ссылки. - Примеч.
650 a Основная рубрика социальная философия
a Основная рубрика социология
a Основная рубрика философия
653 a Ключевые слова общественные отношения
a Ключевые слова социальная справедливость
a Ключевые слова социальное взаимодействие
a Ключевые слова социальный контроль
a Ключевые слова социальный порядок
773 t Заглавие источника Вестник Московского университета. Серия 18, Социология и политология
d Дата издания источника 2006
g Прочая информация № 1. - С. 55 - 62
w Контрольный № источника RU/IS/BASE/199372887
901 t Тип документа b